[Event "Championnat de la Francophonie"]
[Site "?"]
[Date "2023.07.09"]
[Round "7"]
[White "Rodrigue-Lemieux, Shawn"]
[Black "Sambuev, Bator"]
[Result "1-0"]
[WhiteElo "2495"]
[BlackElo "2457"]
[Annotator "Shawn Rodrigue-Lemieux"]
[PlyCount "77"]
[EventDate "2023.??.??"]
[SourceTitle "Chess Canada '24.08"]
[Source "CFC/John Upper"]
[SourceDate "2024.08.27"]
[SourceVersion "1"]
[SourceVersionDate "2024.08.21"]
[SourceQuality "1"]

{[%mdl 32768][%evp 0,77,26,24,13,13,16,-4,20,-1,14,1,13,14,6,9,9,8,45,42,19,28,
16,-7,-7,-7,-7,-7,2,-7,-11,-10,-10,-10,23,13,23,36,41,11,14,25,18,-3,0,14,47,
73,73,0,37,52,52,32,32,49,27,37,106,84,84,84,58,36,45,45,87,69,172,176,733,739,
741,747,749,757,757,761,946,943] Just like in our game at Canadian Closed a
few months earlier, Bator was leading the tournament and I was in a must-win
situation! He was on 5.5/6 while I had 5/6.} 1. e4 e5 2. Nf3 Nc6 3. Bb5 a6 4.
Ba4 Nf6 ({Bator usually plays the Delayed Steinitz with} 4... d6 {but it's a
rather risky choice when the opponent has a lot of time to prepare.}) 5. O-O
Be7 6. Re1 b5 7. Bb3 O-O 8. d4 {[#] Not the main move -- (editor - 8.c3 or 8.
a4) -- but I was not expecting this line, so I wanted to avoid main lines. I
had played this move once, but I wasn't familiar at all with any of the lines
or ideas of this variation.} Nxd4 (8... d6 {is a more solid choice, but it
gives White a lot of space in the center after} 9. c3 Bg4 10. Be3 exd4 11. cxd4
$14) 9. Nxd4 (9. Bxf7+ {is an interesting tactical idea, but Black is usually
fine after} Rxf7 10. Nxe5 Rf8 (10... Ne6 $2 {loses to} 11. Nxf7 Kxf7 12. e5 $18
{threatening a fork with Qf3+ if the attacked Nf6 moves.}) 11. Qxd4 c5 12. Qc3
(12. Qd1 Qc7 13. Ng4 Nxg4 14. Qxg4 d5 $13 {Ivanchuk,V (2751)-Leko,P (2753),
Morelia/Linares, 2008.}) 12... Qc7 13. a4 Bb7 14. axb5 $13 {Kamsky,G (2725)
-Anand,V (2791), Nice, 2009.}) 9... exd4 10. e5 (10. Qxd4 {loses to a
well-known trap with} c5 11. Qd1 c4) 10... Ne8 {[#]} 11. Qxd4 (11. c3 {is
certainly the most aggressive attempt, as suggested by my opponent after the
game. As I was not familiar with this move, I decided to keep it simple.} dxc3
12. Nxc3 d6 13. Qf3 (13. Bd5 Rb8 14. Be3 Be6 15. Ba7 Bxd5 16. Bxb8 Bb7 17. Ba7
Qa8 $13 {Dominguez Perez, L (2717)-Aronian,L (2750) Wijk aan Zee, 2009.}) 13...
Be6 14. Nd5 Rc8 15. Bf4 dxe5 16. Nxe7+ $11 {Leko,P (2756)-Aronian,L (2768)
Jermuk, 2009.}) 11... Bb7 (11... c5 12. Qe4 Rb8 13. c4 Bb7 14. Qe2 {leads to
an equal position.}) 12. c4 c5 13. Qg4 bxc4 14. Qxc4 {[#]} d5 $1 {A strong
move by Black, who needs to play actively to maintain the balance.} (14... Rc8
{is too passive and allows White to consolidate with} 15. Nc3) 15. exd6 Nxd6
16. Qxc5 {White wins a pawn, but Black has tremendous compensation. Their
pieces are more active, while my pieces are severly underdeveloped. My Queen
is also vulnerable, and Black will gain time by attacking it.} Rc8 17. Qh5 Ne4
{[#]} 18. Be3 (18. Nc3 {looks strong, but Black can respond with} Nxf2 $1 19.
Be3 (19. Kxf2 Rc5 $5 {deserves attention} (19... Bc5+ 20. Be3 Qd2+ 21. Re2
Bxe3+ 22. Kf1 Qd4 {with a pleasant position.}) 20. Qd1 Rf5+ 21. Kg1 Bc5+ 22.
Be3 (22. Kh1 $4 Bxg2+ $1 {with a winning attack:} 23. Kxg2 Rf2+ 24. Kh1 Qh4 $19
) 22... Qg5 23. Qd2 Rd8 24. Nd5 Bxd5 25. Bxd5 Rfxd5 26. Qf2 {was not something
I wanted to go into!}) 19... Nd3 20. Red1 Bc5 $1 21. Bxc5 (21. Rxd3 Qxd3 22.
Bxc5 Qd2 {gives Black enough play after} 23. Ne2 Rxc5 24. Qxc5 Qxe2 {with
equality.}) 21... Rxc5 22. Qxc5 Nxc5 23. Rxd8 Rxd8 {leads to an equal position.
}) 18... Bf6 {[#]} 19. Qe2 (19. Nd2 {was another option.} Bxb2 (19... Nxd2 20.
Rad1 Bxb2 21. Rxd2 Qf6 22. Red1 {gives White a slight initiative, but nothing
serious.}) 20. Rad1 Qf6 {is equal, but I wanted to keep an imbalance.}) 19...
Be5 20. Na3 Qd6 21. Qh5 {[#]} g6 (21... Bxb2 22. Nc4 Rxc4 23. Bxc4 Bxa1 24.
Rxa1 {is slightly better for White because of the Bishop pair.}) (21... Nf6 22.
Qh3 Bxb2 23. Nc4 Rxc4 24. Bxc4 Bxa1 25. Rxa1 Bd5 {also gives White the Bishop
pair, but Black's activity should be enough to compensate.}) 22. Qh3 Qb4 (22...
Bxb2 23. Nc4 Rxc4 24. Bxc4 Bxa1 25. Rxa1 h5 {restricts White's pieces enough
to equalize. Although it looks risky, Black needs to gain the pawn back.}) 23.
Nc2 Qa5 {[#]} 24. Nd4 $6 (24. Bh6 {was stronger, and it's now difficult for
Black to find compensation for the missing pawn.} Bg7 (24... Rfd8 25. Ne3 Bxb2
26. Rab1 {is strong for White, since all my pieces come into the game in
perfect harmony!}) 25. Bxg7 Kxg7 26. Rad1 Nd2 27. Nd4 Nxb3 28. Qxb3 {is better
for White, although the strong Bishop should give Black good chances to hold.})
24... Rcd8 25. Red1 Rd6 26. Nf3 Bxb2 27. Rxd6 {[#]} Bxa1 {This isn't the best
way to capture a Rook, although it's very natural.} (27... Nxd6 $142 28. Ng5 h5
29. Rd1 Bf6 $1 {was the only way to keep the game balanced.} (29... Nf5 $4 {
loses to} 30. Nxf7 Rxf7 31. g4 $1 hxg4 32. Qxg4 Kg7 33. Bxf7 Kxf7 34. Rd7+ Kf8
35. Rxb7 $18 {with a winning advantage.})) 28. Rd7 $2 {It turns out that White
should vacate the d7-square for the Queen.} (28. Rd1 $1 {was much stronger,
with the idea of playing} Bg7 29. Qd7 Ba8 30. Qe7 {with strong threats such as
Rd7.}) 28... Qb4 $2 (28... Qb5 $1 {is strong because it controls the d5-square.
} 29. Rc7 {can be met with} Bd5 {blocking the strong Bishop.}) {[#]} 29. Qh4 {
Not a bad move, but there was something more direct:} (29. Rc7 $1 {this strong
move threatens Bh6, and it's very difficult for Black to deal with this!} Nf6
30. Bh6 Rd8 31. Rxf7 Bd5 32. Bd2 $16 Qd6 33. Bxd5 Qxd5 34. Re7 $18 {works out
for White, and the pawn advantage will decide the game.}) 29... Bf6 30. Qf4 Bc6
{[%mdl 64] [#]Critical Position Attack the B with Rc7 or the pawn with Ra7.}
31. Rc7 $4 {A huge mistake, which I realized as soon as I played it. It looks
natural to attack the Bishop, but it gives Black a way to force a draw.} (31.
Ra7 $1 {is much better, allowing the Queen to infiltrate via c7.} Bb5) 31...
Bg5 $1 {The only way to deal with all the threats.} 32. Qe5 (32. Nxg5 $4 Qe1#)
(32. Bxf7+ Kh8 33. Rxc6 (33. Qxe4 Bxe4 34. Bd4+ Qxd4 35. Nxd4 Rd8 36. f3 Bb1 {
gives Black a lot of counterplay.}) 33... Bxf4 34. Bd4+ Qxd4 35. Nxd4 Rxf7 36.
Rc8+ Kg7 37. Ne6+ Kh6 38. Rc4 Rd7 {doesn't give White any winning chances.}) (
32. Rxf7 Bxf4 33. Rxf4+ Qxb3 34. Rxf8+ Kxf8 35. axb3 {does give White a stable
pleasant position without risk, but the presence of opposite color Bishops
gives Black great drawing chances.}) 32... Bxe3 $4 (32... Bf6 $1 {is the move
that I had missed when I played 31... Rc7. My Queen has no squares! White is
now forced to play} 33. Qf4 $8 Bg5 $8 {and White has to try something from the
previous note or agree to the repetition.}) 33. fxe3 Qb6 34. Nd4 Ba4 {[%mdl 64]
After this move, I spent almost 10 minutes trying to find a solution, as I
couldn't find anything convincing. The solution was right in front of my eyes.
[#]  Critical Postition} 35. Bxf7+ $8 $18 {I was extremely happy and relieved
to spot this sequence, but I was disappointed that I almost missed it.} Rxf7
36. Rc8+ $8 Rf8 37. Qd5+ $8 Kg7 38. Ne6+ $8 Kh6 39. Qxe4 $8 {Threatening Qh4#,
but most importantly, preventing ...Qb1. Black is out of defenses.  This win
allowed me to finish the tournament with better tiebreaks, as Bator and I
finished tied for first place with 7.5/9.} ({Not} 39. Rxf8 $4 {which loses to}
Qxe3+ $19) 1-0

[Event "RA March Open"]
[Site "?"]
[Date "2023.03.04"]
[Round "2"]
[White "Rodrigue-Lemieux, Shawn"]
[Black "Han, Johnathan"]
[Result "1-0"]
[WhiteElo "2520"]
[BlackElo "2266"]
[Annotator "Shawn Rodrigue-Lemieux"]
[PlyCount "57"]
[EventDate "2023.??.??"]
[SourceTitle "Chess Canada '24.08"]
[Source "CFC/John Upper"]
[SourceDate "2024.08.27"]
[SourceVersion "1"]
[SourceVersionDate "2024.08.21"]
[SourceQuality "1"]

{[%mdl 33472][%evp 0,57,25,16,71,35,89,50,79,75,40,36,32,25,36,12,19,-6,0,22,
29,-33,13,-63,68,-21,-40,51,64,39,32,22,191,104,105,117,149,182,178,163,402,
389,456,473,413,439,390,364,397,594,571,546,549,569,569,570,594,613,1117,1324]
Playing against Johnathan is always a tough challenge, and he's always up for
a fight!} 1. e4 c5 2. Nf3 d6 3. Bb5+ {[#] My pet line, trying to avoid
complications against such a young and talented opponent.} Nd7 4. Ba4 Ngf6 5.
O-O a6 6. c4 Nxe4 $6 {Somehow he still managed to enter complications! However,
this is very dubious line for Black, and White gets a massive advantage with
correct play.} (6... g6 {is a safer approach.}) 7. Re1 Nef6 8. d4 {[#]} cxd4 ({
Black can also play} 8... e6 {but White maintains pressure after} 9. d5 e5 10.
Nxe5 Be7 11. Nc6 $5 bxc6 12. dxc6 O-O (12... Ne5 $4 13. c7+ {wins the Queen.})
13. cxd7 Bxd7 14. Nc3 {with a better position due to the activity and
favorable pawn structure.}) 9. Nxd4 g6 10. Nc6 $5 {[#] A very interesting idea
that I knew from analyzing this pawn sacrifice, but this wasn't the correct
position! I had a better (and safer) option at my disposal.} (10. Bf4 $142 e5 (
10... Qb6 11. Na3 Bg7 12. c5 $1 Qxc5 13. Rc1 $18 {and White's initiative is
simply too powerful.}) 11. Nc3 Bg7 12. Nc6 $1 bxc6 13. Qxd6 $18 {is crushing
for White.}) 10... Qc7 $1 {After this move, I started doubting myself and I
realized that my Nc6 idea was actually in a different position.} (10... bxc6
11. Bxc6 Ra7 (11... Rb8 12. Qxd6 {leads to a similar fork, where there are
pins everywhere!}) 12. Qd4 $3 {is the idea behind this sequence! White wins
with a highly unusual fork, as the f6-Knight is surprisingly hanging.} Rc7 13.
Qxf6 $18) 11. Nxe7 {I didn't fully believe in this sacrifice, but what else! I
couldn't retreat with Nd4 at that point. I still thought that White had a lot
of pressure and that I should be able to get enough compensation. As it turns
out, this is objectively very strong for White.} Bxe7 {[#]} 12. Bg5 $2 (12. Bf4
{was stronger, threatening Bxd6.} Kd8 {is the move I was worried about during
the game, but White apparently gets sufficient compensation after the simple}
13. Nc3 Re8 14. Rc1 {and Black is running out of useful ideas!}) 12... b5 $1 {
A very strong defensive resource, giving Black some important time.} (12... Kd8
{fails to a very nice sequence:} 13. Rxe7 Kxe7 14. Nc3 Kf8 15. Bxd7 Nxd7 16.
Nd5 {and despite being down a full Rook, White is completely winning.} Qxc4 17.
Rc1 Qe4 18. Bh6+ Kg8 19. Qd4 $1 {is an example of the danger of Black's
position.}) ({The immediate} 12... Qc5 {doesn't work because of} 13. Bxf6) 13.
cxb5 Qc5 $1 {Another strong move, attacking my Bishop.} 14. Bxf6 Nxf6 15. Qf3 {
[#]} Nd5 $4 {It was extremely difficult to evaluate this position, but Black
should have given up the material in order to gain activity.} (15... O-O $1 {
gives up the Rook, but allows Black to get the initiative.} 16. Qxa8 Ng4 17.
Qf3 Bh4 18. g3 Bf6 {and Black is the one asking questions.} 19. Nd2 Bxb2 20.
Ne4 (20. Rab1 Nxf2 {and White's King isn't feeling so safe anymore!}) 20... Qh5
21. h4 Bxa1 22. Rxa1 axb5 {and Black ends up with a material advantage.}) 16.
Nc3 $18 {Black is still up a piece at the moment, but the King safety is more
important. It is now impossible for Black to castle, and the pressure will
decide the game.} Be6 (16... Nxc3 17. Qxa8 O-O 18. bxc3 $18 {is another way to
sacrifice the exchange, but it's much less convincing than on the previous
move.}) 17. b6+ (17. bxa6+ Kd8 18. Rac1 {is even stronger, but I didn't
necessarily want to activate Black's Rook.}) 17... Kd8 18. Bb3 Nxb6 {[#]} 19.
Na4 $1 {The key behind b6 and Bb3: White is gaining the material back, with
interest.} Qa5 20. Qb7 (20. Nxb6 Rb8 21. Bxe6 fxe6 22. Nc4 {also works.
Black's King is in too much danger to survive.}) 20... Nxa4 21. Qxa8+ Bc8 22.
Qe4 Bf6 23. Bxa4 {[#] With a material advantage and a huge initiative, Black
has no chances of surviving.} Be5 24. Rad1 f6 25. f4 Qb6+ 26. Kh1 Bb7 27. Qe2
Bd4 28. b4 d5 29. Rc1 {With devastating threats.   This opening perfectly
illustrates the danger of grabbing such pawns in the opening. King safety is
the priority!} 1-0

[Event "4th International Mohamed VI Cup"]
[Site "?"]
[Date "2023.08.17"]
[Round "6"]
[White "Guseinov, Gadir"]
[Black "Rodrigue-Lemieux, Shawn"]
[Result "0-1"]
[WhiteElo "2661"]
[BlackElo "2493"]
[Annotator "Shawn Rodrigue-Lemieux"]
[PlyCount "158"]
[EventDate "2023.??.??"]
[SourceTitle "Chess Canada '24.08"]
[Source "CFC/John Upper"]
[SourceDate "2024.08.27"]
[SourceVersion "1"]
[SourceVersionDate "2024.08.21"]
[SourceQuality "1"]

{[%mdl 32768] This game was very important to me, as he was my highest rated
opponent ever at the time!} 1. e4 c6 2. d4 d5 3. Nd2 dxe4 4. Nxe4 Nf6 5. Nxf6+
exf6 6. c3 Bf5 {[#] My pet line, which has worked very well for me since 2022.}
(6... Bd6 {is the main move, but I like to keep the game more positional and
less theoretical.} 7. Bd3 O-O 8. Qc2 Re8+ 9. Ne2 h5 {is the modern approach
for Black, which leads to complex positions.}) 7. Ne2 Bd6 8. Ng3 {The most
challenging line, and the Knight is well placed on g3, eyeing important
squares such as f5 and e4.} Be6 (8... Bg6 {is also possible, but it allows the
unpleasant} 9. Qe2+ Be7 (9... Qe7 10. Qxe7+ Kxe7 11. Bd2 {is also slightly
better for White and doesn't give Black great winning chances.}) 10. h4 h5 11.
Qf3 $14 {with some pressure.}) 9. Bd3 O-O 10. O-O {[#]} g6 {A surprising but
important move.} (10... Nd7 {looks natural but allows} 11. f4 Nb6 12. Qh5 g6
13. Qh6 {with a strong attack for White.}) 11. Ne4 (11. f4 $2 {can now be met
with} f5) 11... Be7 {[#]} 12. Re1 (12. Bh6 {was played twice by Sai Krishna
against me before this game.} Re8 13. f4 f5 14. Ng5 $13 {Analysis Diagram [#]
editor - Both the games Shawn mentioned reached this position, and now
diverged (my notes).} Bxg5 $1 {was Shawn's later improvment} ({editor -} 14...
Bf8 $2 {Actually just loses a pawn!} 15. Bxf8 Kxf8 $8 (15... Rxf8 $2 {makes it
worse} 16. Nxe6 (16. g4 $5) 16... fxe6 17. Qb3 Qd7 18. Rae1 Re8 19. Rxe6 $18)
16. Nxh7+ Kg7 17. Ng5 {and White was just up a pawn, but blundered after move
30 and lost in Sai,K (2396) -Rodrigue Lemieux,S (2465) Waterloo, 2022.}) 15.
Bxg5 Qd6 16. g4 Qd5 17. Qc2 Nd7 18. Rf2 f6 19. Bh4 Kg7 $13 {Black had
equalized, and won when White blundered after move 30 in Sai,K (2385)-Rodrigue
Lemieux,S (2456) Montreal, 2023.}) 12... Nd7 13. Bh6 Re8 14. h4 Qb6 (14... c5 {
is a typical plan, but in this variation it's much harder to achieve because of
} 15. Bb5 cxd4 16. Qxd4 {with strong pressure in the center.}) 15. b4 f5 {[#]}
16. Ng5 (16. Nc5 {seems natural, but gives Black a lot of play after} Nxc5 17.
bxc5 Qa5 {with c3 and h4 hanging.} 18. Rxe6 fxe6 19. Qb3 Bf6 20. Bc4 Kh8 21.
Bxe6 Re7 {is interesting, but it's hard to see how White can make progress.})
16... Bf8 17. Bxf8 (17. Nxe6 Bxh6 {doesn't lead anywhere for White.}) 17...
Nxf8 {The dark squares seem extremely weak, but somehow everything is solid.
It's hard for White to exploit them.} 18. Qd2 a5 19. a3 Qc7 20. h5 b5 21. bxa5
$6 {A surprising move, giving Black long-term play on the queenside. It was
better to keep the queenside closed and prevent c5.} Qxa5 22. h6 {[#]} Qc7 {
An inaccuracy, allowing White to unleash a nice idea.} (22... Bd5 {would've
equalized the position.}) 23. Nxe6 ({The immediate} 23. c4 $1 {was quite
powerful.} Bxc4 (23... bxc4 $2 24. Nxe6 Nxe6 25. Bxc4 {and White's activity is
dominant. The h6-pawn will be tough for Black to deal with.}) 24. Bxc4 bxc4 25.
Rxe8 Rxe8 26. a4 {surprisingly gives White a decent advantage with the outside
passed pawn.}) 23... Nxe6 24. Re5 Qd6 25. Rae1 Rxa3 26. Qb2 Qf8 27. d5 {[#]}
cxd5 28. Bxb5 Rb8 29. Rxd5 Ra7 $1 {A strong consolidating move, after which
White has some coordination problems. h6 is loose, while Nc7 is a dangerous
threat.} 30. Qd2 Nc7 31. Bc4 Nxd5 32. Bxd5 {[#] White is now down an exchange,
but the strong Bishop as well as the h6-pawn seem to give enough compensation.}
Re7 33. Rd1 Rbe8 34. g3 Re2 35. Qf4 Qe7 36. Kg2 Qe5 37. Qf3 {[#] I could sense
that a win was close, but time was getting very low and I couldn't gather my
thoughts and calculate properly!} Rc2 $2 (37... Re1 $1 $19 {is the move I
wanted to play, but I got scared and chose not to go for it.} 38. Rd3 Qf6 {
gives Black a winning position, as the h6-pawn will eventually fall after g5
or Qg5.}) 38. c4 Qe2 39. Ra1 Qxf3+ 40. Kxf3 Rce2 41. Ra6 Kf8 42. Ra7 R2e7 43.
Ra6 Rd7 44. Kf4 {[#]} Red8 $2 (44... Re2 45. Kg5 f4 $1 {was the winning idea,
but it's extremely hard to find under time pressure.} 46. Kf6 {is met with} (
46. gxf4 Rxf2 {prevents Kf6.}) 46... fxg3) 45. Ke5 Ke7 46. Rb6 Rd6 47. Rb7+
R8d7 48. Rb8 {[#]} g5 {editor - !? Black gives up a pawn to get the annoying
one on h6, which reduces White's options. Another choice was ...Rd8, asking
White how he intends to make progress, since trading rooks would end White's
ability to fight for the dark squares and lose the game.} 49. Kxf5 Rxh6 50.
Kxg5 Rg6+ {[#] At this moment I offered a draw, knowing that I had given up
the advantage. To my surprise, he declined!} 51. Kh4 Kd6 52. g4 Re7 53. f4 f6
54. Rb3 {Here I started to think that White had to be careful to avoid a worse
position.} Re1 55. f5 Rh6+ 56. Kg3 Ke5 57. Rd3 {[#] Now I realized that I was
in danger too!} Kd6 {Luckily, White has no good discovery.} ({A natural move
like} 57... Rc1 {loses immediately to} 58. Bg2 Rxc4 59. Rd5#) (57... Ra1 58.
Bg2 Ra5 {also defends, but Black has no coordination whatsoever.}) 58. Ra3 Rg1+
59. Bg2 Kc5 60. Ra4 Rc1 61. Ra6 Rc3+ 62. Bf3 Rh1 {[#] Now I knew for sure that
White was in big danger of losing this game. My h6-Rook finally activated, and
White's pawns are all fixed.} 63. Rc6+ $4 (63. Kg2 $1 {is the only way to hold.
} Rb1 64. Rxf6 Rb2+ 65. Kg3 Rbb3 66. Rc6+ Kb4 67. Rb6+ Kxc4 68. Rxb3 Rxb3 {
with a drawn endgame.}) 63... Kb4 64. Rb6+ Ka5 (64... Kxc4 $4 {loses to} 65.
Rc6+ Kb4 66. Rxc3 {breaking the pin} Kxc3 67. Bxh1 $18) 65. Rb5+ Ka4 66. Kg2
Rhc1 67. Rb6 R1c2+ 68. Kg3 {[#]} Rd2 {White can't really get rid of the pin!}
69. Ra6+ Kb4 70. Rb6+ Ka5 71. Rxf6 Rdd3 72. Rh6 Rxf3+ 73. Kh4 Rxc4 {[#] This
endgame still looks somewhat dangerous, but the Rooks are strong enough to
stop the pawns.} 74. Kg5 Rc7 75. Kf6 Kb5 76. Rh1 Kc6 77. g5 Kd5 78. g6 hxg6 79.
Kxg6 Rg3+ {My highest rated win to this day!} 0-1